MARC details
| 000 -LEADER |
| fixed length control field |
01699nam a2200397 i 4500 |
| 003 - CONTROL NUMBER IDENTIFIER |
| control field |
EG-GICUC |
| 005 - DATE AND TIME OF LATEST TRANSACTION |
| control field |
20260507201821.0 |
| 008 - FIXED-LENGTH DATA ELEMENTS--GENERAL INFORMATION |
| fixed length control field |
260507s1998 ua ||||fr|||| 001 0 ara d |
| 017 ## - COPYRIGHT OR LEGAL DEPOSIT NUMBER |
| Copyright or legal deposit number |
1998/11161 |
| 020 ## - INTERNATIONAL STANDARD BOOK NUMBER |
| International Standard Book Number |
9770398292 |
| 040 ## - CATALOGING SOURCE |
| Original cataloging agency |
EG-GICUC |
| Language of cataloging |
ara |
| Transcribing agency |
EG-GICUC |
| Modifying agency |
EG-GICUC |
| Description conventions |
rda |
| 041 ## - LANGUAGE CODE |
| Language code of text/sound track or separate title |
ara |
| Language code of original |
ara |
| 082 04 - DEWEY DECIMAL CLASSIFICATION NUMBER |
| Classification number |
343.3 |
| Item number |
ح س . م |
| Edition number |
21 |
| 092 04 - LOCALLY ASSIGNED DEWEY CALL NUMBER (OCLC) |
| Edition number |
21 |
| 099 ## - LOCAL FREE-TEXT CALL NUMBER (OCLC) |
| Classification number |
Law1 10 343.3 ح س . م 1998 |
| 100 0# - MAIN ENTRY--PERSONAL NAME |
| Personal name |
حسن صادق المرصفاوى . |
| Relator term |
مؤلف. |
| 245 12 - TITLE STATEMENT |
| Title |
المرصفاوى فى أصول الإجراءات الجنائية : |
| Remainder of title |
الدعوى الجنائية -الدعوى المدنية - التحقيق الابتدائى -المحاكمة - طرق الطعن فى الأحكام / |
| Statement of responsibility, etc. |
تأليف دكتور حسن صادق المرصفاوى. |
| 264 #1 - PRODUCTION, PUBLICATION, DISTRIBUTION, MANUFACTURE, AND COPYRIGHT NOTICE |
| Place of production, publication, distribution, manufacture |
الإسكندرية : |
| Name of producer, publisher, distributor, manufacturer |
منشأة المعارف، |
| Date of production, publication, distribution, manufacture, or copyright notice |
1998. |
| 300 ## - PHYSICAL DESCRIPTION |
| Extent |
886 صفحة؛ |
| Dimensions |
25 سم. |
| Other physical details |
إيضاحيات، صور، مثيليات ؛ |
| 336 ## - CONTENT TYPE |
| Source |
rda content |
| Content type term |
text |
| 337 ## - MEDIA TYPE |
| Source |
rda media |
| Media type term |
Computer |
| 338 ## - CARRIER TYPE |
| Source |
rda carrier |
| Carrier type term |
Online Resource |
| 504 ## - BIBLIOGRAPHY, ETC. NOTE |
| Bibliography, etc. note |
يشتمل على إرجاعات ببليوجرافية. |
| 546 ## - LANGUAGE NOTE |
| Language note |
النص باللغة العربية |
| 650 1# - SUBJECT ADDED ENTRY--TOPICAL TERM |
| Topical term or geographic name entry element |
القانون الجنائي |
| Source of heading or term |
qrmak |
| 650 1# - SUBJECT ADDED ENTRY--TOPICAL TERM |
| Topical term or geographic name entry element |
قانون الإجراءات الجنائية |
| Source of heading or term |
qrmak |
| 650 1# - SUBJECT ADDED ENTRY--TOPICAL TERM |
| Topical term or geographic name entry element |
الدعوى الجنائية |
| Source of heading or term |
qrmak |
| 650 1# - SUBJECT ADDED ENTRY--TOPICAL TERM |
| Topical term or geographic name entry element |
الدعوى المدنية |
| Source of heading or term |
qrmak |
| 650 1# - SUBJECT ADDED ENTRY--TOPICAL TERM |
| Topical term or geographic name entry element |
التحقيق الابتدائى |
| Source of heading or term |
qrmak |
| 650 1# - SUBJECT ADDED ENTRY--TOPICAL TERM |
| Topical term or geographic name entry element |
المحاكمة |
| Source of heading or term |
qrmak |
| 650 1# - SUBJECT ADDED ENTRY--TOPICAL TERM |
| Topical term or geographic name entry element |
طرق الطعن فى الأحكام |
| Source of heading or term |
qrmak |
| 651 1# - SUBJECT ADDED ENTRY--GEOGRAPHIC NAME |
| Source of heading or term |
qrmak |
| 856 40 - ELECTRONIC LOCATION AND ACCESS |
| Uniform Resource Identifier |
<a href="https://fll.law.cu.edu.eg/fulltext/bks/B10-12270.pdf">https://fll.law.cu.edu.eg/fulltext/bks/B10-12270.pdf</a> |
| 905 ## - Cataloger and Reviser Names |
| Cataloger Name: |
Gomana |
| 942 ## - ADDED ENTRY ELEMENTS (KOHA) |
| Source of classification or shelving scheme |
Dewey Decimal Classification |
| Koha item type |
Books |
| Edition |
21 |
| Suppress in OPAC |
No |